MARC

LEADER 00000nam0a2200000 4500
001 294130
005 20231102000649.0
035 |a (RuTPU)RU\TPU\book\319180 
090 |a 294130 
100 |a 20150508d1984 k y0rusy50 ca 
101 0 |a rus 
102 |a RU 
105 |a a z 001zy 
200 1 |a Охрана труда в строительстве  |e сборник трудов  |f Московский инженерно-строительный институт (МИСИ) ; под ред. В. В. Гриднева 
210 |a Москва  |c Изд-во МИСИ  |d 1984 
215 |a 219 с.  |c ил. 
320 |a Библиография в конце статей 
606 1 |a Строительство  |x Охрана труда  |2 stltpush  |3 (RuTPU)RU\TPU\subj\64841  |9 81567 
610 1 |a пожарная безопасность 
610 1 |a строительное производство 
610 1 |a оценка 
610 1 |a безопасная организация 
610 1 |a безопасная техника 
610 1 |a системный подход 
610 1 |a обеспыливание 
610 1 |a виброгасители 
610 1 |a огнестойкость 
610 1 |a пожарная профилактика 
675 |a 69.05:658.382  |v 4 
702 1 |a Гриднев  |b В. В.  |4 340 
712 0 2 |a Московский инженерно-строительный институт (МИСИ)  |c (1921-1993)  |2 stltpush  |3 (RuTPU)RU\TPU\col\7908 
801 1 |a RU  |b 63413507  |c 20150508 
801 2 |a RU  |b 63413507  |c 20180503  |g RCR 
942 |c BK